| 000 | 00454ntaaa2200181 4500 | ||
|---|---|---|---|
| 003 | 01 | ||
| 005 | 20251027202744.0 | ||
| 008 | 0714s1973 ag 01 | ||
| 040 |
_aAR-BaBN _bspa _cAR-BaBN _eaacr _dRIC |
||
| 082 | _a790.0000 L32 | ||
| 100 |
_aLarraya, Tomás G _927620 |
||
| 245 | _aJuegos infantiles al aire libre | ||
| 250 | _a1 ed. | ||
| 260 |
_aBarcelona : _bEditorial Molino, _cc1955 |
||
| 300 | _a107 p | ||
| 650 |
_arecreación _918895 |
||
| 942 | _cBK | ||
| 999 |
_c22806 _d22806 |
||